El siglo XIX
Wedi'i Gadw mewn:
| Prif Awdur: | |
|---|---|
| Fformat: | Llyfr |
| Iaith: | Sbaeneg |
| Cyhoeddwyd: |
Madrid, España
Instituto de Estudios Políticos
1954
|
| Cyfres: | La Historia de España en sus Documentos
|
| Pynciau: | |
| Tagiau: |
Ychwanegu Tag
Dim Tagiau, Byddwch y cyntaf i dagio'r cofnod hwn!
|
MARC
| LEADER | 00000nam a2200000 a 4500 | ||
|---|---|---|---|
| 001 | UCO0932 | ||
| 003 | CL-VaPUC | ||
| 005 | 20210831074617.0 | ||
| 008 | 000428e19540000SP |||||||||||||||||spa|d | ||
| 999 | |c 287568 |d 287566 | ||
| 040 | |c Pontificia Universidad Católica de Valparaíso | ||
| 082 | 0 | 4 | |a 946.07 DIA 1954 |2 21 |
| 100 | 0 | |a Díaz Plaja, Fernando |e author |9 442578 | |
| 245 | 1 | 3 | |a El siglo XIX |
| 260 | |a Madrid, España |b Instituto de Estudios Políticos |c 1954 | ||
| 300 | |a 432 páginas | ||
| 490 | 0 | |a La Historia de España en sus Documentos | |
| 583 | |a last modification |c 20160829 12:40:38 |k Rodrigo Vera | ||
| 600 | 0 | 7 | |a FERNANDO VII |2 CL-VaPUC |9 402061 |z ESPAÑA |
| 600 | 0 | 7 | |a ISABEL II |2 CL-VaPUC |9 420970 |z ESPAÑA |
| 650 | 7 | |a HISTORIA DE ESPAÑA |2 CL-VaPUC |9 391806 |y SIGLO 19 | |
| 650 | 0 | |a Liberalismo |z ESPAÑA |9 255715 | |
| 852 | |a BIBCUR | ||
| 942 | |c BK |2 ddc | ||
| 945 | |d 20000428 00:00:00 |a rherrera | ||
| 952 | |0 0 |1 0 |2 ddc |4 0 |6 946_070000000000000_DIA_1954 |7 0 |8 A |9 334481 |a BIBHIS |b BIBHIS |d 2019-11-20 |i 1268228 |o 946.07 DIA 1954 |p 1268228 |r 2025-01-20 |t 1 |w 2019-11-20 |y BK |k HIS | ||